Ubongo! : Classic /

Ubongo! Classic es un juego de estrategia en el que los participantes compiten para resolver los acertijos y rompecabezas lo más rápido posible, cuyo premio es la obtención de las gemas. Después de nueve rondas, quien haya recolectado la mayor cantidad de gemas de un solo color, gana. Pueden partici...

Celý popis

Uloženo v:
Podrobná bibliografie
Hlavní autor: Rejchtman, Grzegorz (autor)
Další autoři: Wagenfeld, Bernd (ilustración) (ilustración), Homes, Karl (ilustración) (ilustración), Neubauer, Nicolas (ilustración) (ilustración), García, Oriol (traducción) (traducción)
Médium: Fyzický předmět
Jazyk:španělština
Vydáno: Barcelona, España : Stuttgart, Alemania : Devir ; Kosmos, 2022, c2022
Témata:
Tagy: Přidat tag
Žádné tagy, Buďte první, kdo vytvoří štítek k tomuto záznamu!

MARC

LEADER 00000nrm^a2200000^a^4500
001 000582032
005 20260407000000.0
009 20260408132730.132
037 |a Acervo ITESO - Biblioteca 
041 |a ESP 
091 |a JUE. 0070 
100 |a Rejchtman, Grzegorz  |e (autor) 
245 1 0 |a Ubongo! :  |b Classic /  |c G. Rejchtman ; il. de B. Wagenfeld, K. Homes, M. Neubauer ; tr. por O. García. 
264 4 |a Barcelona, España :  |b Devir ;  |a Stuttgart, Alemania :  |b Kosmos,  |c 2022, c2022 
300 |a 1 juego (4 conjuntos de 12 piezas, 54 plantillas, 1 dado especial, 1 reloj de arena, 1 bolsa de tela, 1 marcador de rondas, 58 gemas, 1 instructivo, 1 estuche) ;  |c 30.0 x 30.0 x 6.5 cm. 
336 |a forma objetual tridimensional  |b tdf  |2 rdacontenido 
337 |a sin mediación  |b n  |2 rdamedio 
338 |a otro (juego)  |b nz  |2 rdasoporte 
520 |a Ubongo! Classic es un juego de estrategia en el que los participantes compiten para resolver los acertijos y rompecabezas lo más rápido posible, cuyo premio es la obtención de las gemas. Después de nueve rondas, quien haya recolectado la mayor cantidad de gemas de un solo color, gana. Pueden participar de 1 a 4 personas de 8 años de edad en adelante, con un tiempo aproximado de 25 minutos. Entre los componentes se cuenta con un instructivo, en español, catalán y portugués, que detalla la mecánica y las reglas del juego. 
649 |a XX 
650 |a Rompecabezas -  |x Tema Principal 
650 |a Desarrollo Psicomotriz y Perceptual 
650 |a Juegos Infantiles 
650 |a Juegos Mentales 
650 |a Juegos Educativos 
650 |a Juegos Competitivos 
650 |a Fillers (Juegos) 
650 |a Party (Juegos) 
650 |a Juegos de Mesa -  |x Tema Principal 
650 |a Ocio y Tiempo Libre 
700 |a Wagenfeld, Bernd  |e (ilustración) 
700 |a Homes, Karl  |e (ilustración) 
700 |a Neubauer, Nicolas  |e (ilustración) 
700 |a García, Oriol  |e (traducción) 
910 |a Fondo General 
920 |a Volumétricos - Juegos Préstamo Interno 
930 |a Juegos Préstamo Interno 
905 |a 601 
901 |a 0500410289  |b IT2  |c LUI  |i C185536  |u 20260407 
902 |a https://opac.biblio.iteso.mx/vufind/Record/000582032